000 00473nam a2200169Ia 4500
003 OSt
005 20260303101254.0
008 211028s2002 xx 000 0 und d
040 _cAIMIT LIBRARY
041 _aeng
082 _a006.32 DSOS
100 _aD Souza, Sunil Prakash;Gunaseelan.
_g9941927
_92186
110 _aGunaseelan
_92187
245 _aFace detection and recognition using artificial neural networks /
260 _aMangalore
_c2002
942 _2ddc
_cPRO
999 _c216809
_d216809